| 000 | 01110nam a2200289 i 4500 | ||
|---|---|---|---|
| 003 | EG-GICUC | ||
| 005 | 20260121101216.0 | ||
| 008 | 251112s1980 iq ||||fr|||| 00| 0 ara d | ||
| 040 |
_a EG-GICUC _bara _c EG-GICUC _d EG-GICUC _erda |
||
| 041 | 0 | _aara | |
| 082 | 0 | 4 |
_221 _a345.0538 _bم ا . ق |
| 092 | 0 | 4 | _221 |
| 099 | _aLaw1 07 345.0538 م ا . ق 1 ed - 1980 | ||
| 100 | 0 |
_aماجد راغب الحلو _eمؤلف. |
|
| 245 | 1 | 2 |
_aالقانون الإداري الكويتي : _bوقانون الخدمة المدنية الجديد / _cالدكتور ماجد راغب الحلو. |
| 250 | _aالطبعة الأولى | ||
| 264 | 1 |
_aالسالمية : _bذات السلاسل، _c1980. |
|
| 300 |
_a292 ؛صفحة _c24 سم. |
||
| 336 |
_2rda content _atext |
||
| 337 |
_2rda media _aComputer |
||
| 338 |
_2rda carrier _aOnline Resource |
||
| 546 | _aالنص أغلبه باللغة العربية مع بعض النصوص الفرنسية | ||
| 650 | 1 | 4 | _aالقانون الإداري |
| 856 | 4 | 0 | _uhttps://fll.law.cu.edu.eg/fulltext/bks/B07-00730.pdf |
| 905 | _a32 | ||
| 942 |
_2ddc _cBK _e21 _n0 |
||
| 999 |
_c42955 _d42955 |
||